Normal view
MARC view
- Karkare T J ( 2K51023)
Entry Personal Name
001 - CONTROL NUMBER
- control field: 102235
003 - CONTROL NUMBER IDENTIFIER
- control field: OSt
005 - DATE AND TIME OF LATEST TRANSACTION
- control field: 20221007215925.0
008 - FIXED-LENGTH DATA ELEMENTS
- fixed length control field: 221007|| aca||aabn | a|a d
040 ## - CATALOGING SOURCE
- Original cataloging agency: OSt
- Transcribing agency: OSt
100 ## - HEADING--PERSONAL NAME
- Personal name: Karkare T J ( 2K51023)
670 ## - SOURCE DATA FOUND
- Source citation: Work cat.: (OSt)69396: Karkare T J ( 2K51023), Study of Competency Mapping and Development Centre, 2007